| 000 | 01149nam a22002895a 4500 | ||
|---|---|---|---|
| 008 | 150827t1999 ma a|||fr|||| 001 0 eng d | ||
| 020 | _a1886801940 | ||
| 020 | _a1886801940 (pbk.) | ||
| 020 | _a9781886801943 | ||
| 040 |
_aEG-ScBuE _beng _cEG-ScBuE |
||
| 082 | 0 | 4 |
_a005.16 _bYEA _222 |
| 245 | 0 | 0 |
_aYear 2000 personal computer fix-it guide / _cJD Consulting. |
| 246 | 3 | _apersonal computer fix-it guide | |
| 260 |
_aRockland : _bCharles River Media, _cc.1999. |
||
| 300 |
_axxvi, 412 p. : _bill. ; _c24 cm. + _e1 computer laser optical disc (4 3/4 in.) |
||
| 500 | _aIndex : p. 409-412. | ||
| 500 | _aCD-ROM contains a collection of software that can be used in fixing Year 2000 problems. | ||
| 538 | _aSystem requirements for CD-ROM: either DOS, Windows 3.1, Windows 95, Windows 98, or Windows NT; CD-ROM drive; 4 MB RAM. | ||
| 590 | _ayassmeen ashraf | ||
| 650 | 0 |
_aSoftware maintenance. _2BUEsh |
|
| 650 | 0 |
_aYear 2000 date conversion (Computer systems) _2BUEsh |
|
| 650 | 0 |
_aMicrocomputers _xMaintenance and repair. _2BUEsh |
|
| 651 | _2BUEsh | ||
| 653 |
_bCOMSCI _cAugust2015 |
||
| 710 | 2 | _aJD Consulting. | |
| 942 |
_cBB _k005.16 YEA _2ddc |
||
| 999 |
_c9933 _d4726 |
||